Gestión de Conocimiento en la Universidad. Sentidos y Expresiones para la Transformación de la Investigación en Educación en Colombia.

Guardado en:
Detalles Bibliográficos
Autor principal: Gutiérrez Vargas, Giovanni (autor)
Formato: Libro
Idioma:Español
Temas:
Etiquetas: Agrega una etiqueta
Sin etiquetas, Sé el primero en etiquetar este registro!

MARC

LEADER 00000nam^a2200000^u^4500
001 000524451
005 20250521000000.0
008 121130s1000^^^^^^^^^^^^r^^^^^000^0^eng^d
009 20260310130627.129
022 |a 9789588650104 
035 |a FCE 000068695 
037 |a Acervo ITESO - Biblioteca 
041 |a spa 
082 0 4 |a 378.76  |b GUTm 
100 |a Gutiérrez Vargas, Giovanni  |e (autor) 
245 1 0 |a Gestión de Conocimiento en la Universidad.  |b Sentidos y Expresiones para la Transformación de la Investigación en Educación en Colombia. 
264 |a Colombia:  |b UPN,  |c 2010. 
300 |a 223 p. 
336 |a texto  |b txt  |2 rdacontenido 
337 |a sin mediación  |b n  |2 rdamedio 
338 |a volumen  |b nc  |2 rdasoporte 
649 |a XX 
650 |a Educación superior 
650 |a Gestión 
650 |a Investigación educativa 
650 |a Colombia 
910 |a Fondo Centro de Estudios Educativos 
920 |a Impresos - Libros 
930 |a Fondos Especiales 
905 |a 133 
901 |a ALE073605  |b IT2  |c CEE  |u 20250521 
902 |a https://opac.biblio.iteso.mx/vufind/Record/000524451